Questões de limites : (Record no. 1338)

MARC details
000 -LÍDER
Campo Fixo de Controle 00949nam a2200253 a 4500
001 - NÚMERO DE CONTROLE
Campo de Controle 1338
003 - IDENTIFICAÇÃO DO NÚMERO DE CONTROLE
Campo de Controle BR-CuiBMT
005 - DATA E HORA DA ÚLTIMA ATUALIZAÇÃO
Campo de Controle 20231205211233.0
008 - DADOS FIXOS
Dados Fixos 231201s2008 dfba 001 0 por d
040 ## - AGÊNCIA CATALOGADORA
Código da Agência Catalogadora BR-CuiBMT
Agência que transcreveu o registro BR-CuiBMT
080 ## - Nº DA CLASSIFICAÇÃO DECIMAL UNIVERSAL
Nº Class. CDU 94
Subd. Auxiliar Comum (81+88.2).079
Nº edição CDU 2007
090 ## - NÚMERO DE CHAMADA
Nº classificação 94(81+88.2).079
Cutter R585q
100 1# - ENTRADA PRINCIPAL -- AUTOR PESSOAL
Nome pessoal Rio Branco, José Maria da Silva Paranhos Junior, Barão do,
Datas associadas ao nome 1845-1912
245 10 - TÍTULO PRINCIPAL
Título principal Questões de limites :
Subtítulo Guiana Francesa /
Indicação de responsabilidade José Maria da Silva Paranhos Júnior, Barão do Rio Branco.
260 ## - PUBLICAÇÃO, DISTRIBUIÇÃO, ETC.
Local de publicação Brasília :
Editora Senado Federal :
Data 2008.
300 ## - DESCRIÇÃO FÍSICA
N. páginas ou volumes 437 p. :
Ilustrações il. ;
Dimensões 23 cm
490 1# - INDICAÇÃO DE SÉRIE
Título da série Coleção edições do Senado Federal ;
Volume/designação sequencial da série v. 97
504 ## - NOTA DE BIBLIOGRAFIA, ETC.
Nota de bibliografia Inclui índice.
600 1# - ASSUNTO -- NOME PESSOAL
Nome pessoal Rio Branco, José Maria da Silva Paranhos Junior, Barão do,
Datas associadas ao nome 1845-1912
650 ## - ASSUNTO TÓPICO
Cabeçalho tópico ou nome geográfico Fronteira
Subdivisão geográfica Brasil
-- Guiana Francesa
650 ## - ASSUNTO TÓPICO
Cabeçalho tópico ou nome geográfico Guiana Francesa
Subdivisão geral Fronteira
Subdivisão geográfica Brasil
830 #0 - ENTRADA SECUNDÁRIA DE SÉRIE -- TÍTULO UNIFORME
Título uniforme Edições do Senado Federal ;
Nº do volume/designação sequencial da série 97
942 ## - ELEMENTOS DE ENTRADA ADICIONAIS (KOHA)
Fonte de classificação ou esquema de arquivamento Classificação Decimal Universal
Tipo de item do Koha Livros
Holdings
Estado: removido Estado: perdido Fonte de classificação ou esquema de arquivamento Estado: danificado Indisponível para empréstimo Localização permanente Localização atual Data de aquisição Total Checkouts Número de Chamada completo Código de barras Date last seen Número do exemplar Preço efetivo a partir de Tipo de item (Koha)
    Classificação Decimal Universal     Biblioteca da Escola Superior de Contas do TCE/MT Biblioteca da Escola Superior de Contas do TCE/MT 05/12/2023   94(81+88.2).079 R585q BIBTCEMT23120193 05/12/2023 Ex. 1 05/12/2023 Livros

Powered by Koha